Statistics for Countries that start with M - One Minute Sprint

Click here to take the quiz!

General Stats

  • This quiz has been taken 69 times
    (65 since last reset)
  • The average score is 14 of 19

Answer Stats

Answer% Correct
Mali
92%
Mauritania
89%
Macedonia
85%
Malawi
81%
Moldova
81%
Monaco
81%
Malta
79%
Morocco
79%
Madagascar
77%
Mauritius
77%
Mexico
77%
Malaysia
72%
Montenegro
72%
Mozambique
72%
Marshall Islands
64%
Myanmar
62%
Maldives
60%
Mongolia
60%
Micronesia
51%

Score Distribution

Percentile by Number Answered

Percent of People with Each Score

Your Score History

You have not taken this quiz since the last reset